| 000 | 00503nam a2200169Ia 4500 | ||
|---|---|---|---|
| 999 |
_c15611 _d15611 |
||
| 003 | OSt | ||
| 005 | 20200606115827.0 | ||
| 008 | 190216s9999||||xx |||||||||||||| ||und|| | ||
| 040 | _cMESKC library | ||
| 082 |
_a891.43 _bGUP/S |
||
| 100 |
_aGupt, Mahesh Chandra _9425 |
||
| 245 | 0 |
_aHindi Sadiyon Se Rajkaj Mein / _c Mahesh Chandra Gupt |
|
| 260 |
_bSathsahithya Prakashan, _aDelhi: _c1991. |
||
| 300 | _a199p | ||
| 650 | _aHindi | ||
| 942 |
_cBK _2ddc _h891.43 _iGUP/S _k891.43 _mGUP/S |
||